Tự học Sketchup bằng hình ảnh : Giáo trình Cad trong kiến trúc - xây dựng
שמור ב:
| מחבר ראשי: | |
|---|---|
| פורמט: | Sách |
| שפה: | Undetermined |
| יצא לאור: |
Đại học Quốc gia Tp. Hồ Chí Minh
2009
|
| נושאים: | |
| תגים: |
הוספת תג
אין תגיות, היה/י הראשונ/ה לתייג את הרשומה!
|
| Thư viện lưu trữ: | Trung tâm Thư viện - Trường Đại học Công nghiệp TP. Hồ Chí Minh |
|---|
| LEADER | 00635nam a2200157Ia 4500 | ||
|---|---|---|---|
| 001 | UIH_03016 | ||
| 008 | 231011s9999 xx 000 0 und d | ||
| 082 | |a 006.68 | ||
| 100 | |a Đỗ Lê Thuận | ||
| 245 | 0 | |a Tự học Sketchup bằng hình ảnh : Giáo trình Cad trong kiến trúc - xây dựng | |
| 245 | 0 | |c Đỗ Lê Thuận | |
| 260 | |b Đại học Quốc gia Tp. Hồ Chí Minh | ||
| 260 | |c 2009 | ||
| 650 | |a Đồ họa máy tính; Thiết kế xây dựng; | ||
| 927 | |a Sách | ||
| 980 | |a Trung tâm Thư viện - Trường Đại học Công nghiệp TP. Hồ Chí Minh | ||